| 000 | 00512nam a2200169 i 4500 | ||
|---|---|---|---|
| 001 | 150137 | ||
| 003 | ES-MaACL | ||
| 005 | 20240608063003.0 | ||
| 007 | t| | ||
| 008 | 071026s1960 sp ||||1| cat d | ||
| 100 | 1 |
_aValls Jordá, Joan, _d1917-1989 _9112945 |
|
| 245 | 1 | 0 |
_aToia d'ofrena _b: poemes guardonats / _cJoan Valls Jordá. |
| 260 |
_aAlcoy : _b[s.n.], _c1960 ( _fImp. Hispania Alcoyana) |
||
| 300 |
_a123 p. ; _c25 cm. |
||
| 852 |
_aES-MaACL _jE-2405 _bR.47596 |
||
| 999 |
_c150137 _d150137 |
||